000 00443nam a2200181Ia 4500
001 22218
003 GE_BSU
008 181216s||||||||xx |||||||||||||| ||und||
040 _cGE_BSU
245 _aLe point, 13 septembre#2402. 2018
260 _aParis
260 _c2018
300 _a98 p. 26cm. ill.
653 _aLe point, 13 septembre#2402 . 2018
653 _aПериодика
653 _aპერიოდიკა
942 _cCR
999 _c55143
_d55143